Xử ký hình ảnh và ứng dụng Ulead Photoimpact 8 : Toàn tập

שמור ב:
מידע ביבליוגרפי
מחבר ראשי: Phùng, Thị Nguyệt
פורמט: ספר
שפה:Undetermined
יצא לאור: Hà Nội Giao thông vận tải 2004
נושאים:
תגים: הוספת תג
אין תגיות, היה/י הראשונ/ה לתייג את הרשומה!
Thư viện lưu trữ: Trung tâm Học liệu Trường Đại học Cần Thơ
LEADER 00713nam a2200217Ia 4500
001 CTU_74211
008 210402s9999 xx 000 0 und d
020 |b 55000 
082 |a 006.68 
082 |b Ng528/T1 
100 |a Phùng, Thị Nguyệt 
245 0 |a Xử ký hình ảnh và ứng dụng Ulead Photoimpact 8 : 
245 0 |b Toàn tập 
245 0 |c Phùng Thị Nguyệt, Phạm Quang Huy 
260 |a Hà Nội 
260 |b Giao thông vận tải 
260 |c 2004 
650 |a Computer graphics,Image processing,Photoimpact ( computer programs ) 
650 |x Computer programs 
904 |i Mai Loan, QHieu 
980 |a Trung tâm Học liệu Trường Đại học Cần Thơ